| 000 | 00566nam a2200169Ia 4500 | ||
|---|---|---|---|
| 008 | 140925s9999 xx 000 0 und d | ||
| 245 |
_aITF coaching and sport science review / _h[electronic resource] |
||
| 260 |
_bInternational Tennis Federation, _cc2014. |
||
| 516 | _aElectronic text | ||
| 650 | _aCoaching. | ||
| 650 | _aJournal. | ||
| 650 | _aReview. | ||
| 650 | _aSports and Recreation. | ||
| 830 | _aInternational Tennis Federation | ||
| 856 | _uhttp://en.coaching.itftennis.com/coaching-sport-science-review/issue-archive/issue-61.aspx | ||
| 942 | _cEJ | ||
| 999 |
_c275863 _d275863 |
||